Düğümler, düşünceler, anılar (Record no. 213)

MARC details
000 -BAŞLIK
Sabit Uzunlukta Kontrol Alanı 00694na a2200241 4500
001 - KONTROL NUMARASI
Denetim Alanı 14056
003 - KONTROL NUMARASI IDENTIFIER
Denetim Alanı MIRAKIL
005 - SON İŞLEM TARİHİ VE ZAMANI
Denetim Alanı 20181213154739.0
008 - SABİT-BOY VERİ ELEMANLARI - GENEL BİLGİLER
Sabit Uzunlukta Kontrol Alanı 161102b tu 000 0
035 ## - SİSTEM KONTROL NUMARASI
Sistem Kontrol Numarası 14056
040 ## - KATALOGLAMA KAYNAK
Orijinal Kataloglama Ajansı Milas
Kataloglama Dili tur
Metne Dönüştürmek Ajansı TR-AnCHP
041 ## - DİL KODU
Metin / Ses Parça Veya Ayrı Başlığın Dil Kodu tur
082 ## - DEWEY ONLU SINIFLANDIRMA NUMARASI
Sınıflandırma Numarası 923.7 Göğüş,B.
Ürün Numarası G73d 2013
090 ## - SINIFLAMA NUMARASI
Sınıflama Numarası 923.7 Göğüş,B. G73d 2013
100 ## - ANA GİRİŞ - KİŞİSEL İSİM
Kişisel Ad Göğüş, Beşir
245 ## - BAŞLIK TABLOSU
Başlık Düğümler, düşünceler, anılar
Sorumluluk Tablosu, Vb Beşir Göğüş; hazırlayan: Nil Baransel
260 ## - YAYIN, DAĞITIM, VB
Yayın, Dağıtım, Vb Yeri Ankara
Yayıncı, Dağıtıcı, Vs Adı Dil Derneği
Yayın, Dağıtım, Vb Tarihi 2013
300 ## - FİZİKSEL TANIM
Kapsam 412 s.
Diğer Fiziksel Ayrıntıları res.
Boyutlar 19 sm.
490 ## - SERİSİ TABLOSU
Seri Beyanı Dil Derneği
Hacim / Ardışık Tanımı 24
600 ## - KONU KATMA GİRİŞ - KURUMSAL ADI
Kişisel Ad Göğüş, Beşir
Genel Alt Bölümü Anılar
650 ## - KONU KATMA GİRİŞ - TOPİKAL DÖNEM
Topikal Süreli Veya Coğrafi Ad Giriş Elemanı Eğitimciler
Genel Alt Bölümü Anılar
942 ## - EKLENDİ GİRİŞ ELEMANLARI (KOHA)
Sınıflandırma Veya Raf Düzeni Kaynak Dewey Decimal Classification
Koha Öğesi Türü Books
999 ## - SİSTEM KONTROL NUMARALARI (KOHA)
Koha Biblionumber 213
Koha Biblioitemnumber 213
Holdings
Kalıcı Konum Mevcut Konum Edinme Tarihi Edinim Kaynak Toplam Check-Out'Lar Tam Çağrı Numarası Barkod Tarih Son Görülme İtibaren Geçerli Fiyatlar Koha Öğesi Türü
CHP Kütüphanesi CHP Kütüphanesi 08/23/2016 Bağış   923.7 Göğüş,B. G73d 2013 001923 08/23/2016 08/23/2016 Books